| 000 -LEADER |
| fixed length control field |
01412nam a22002417 4500 |
| 003 - CONTROL NUMBER IDENTIFIER |
| control field |
AR-BaISA |
| 005 - DATE AND TIME OF LATEST TRANSACTION |
| control field |
20230823111442.0 |
| 007 - PHYSICAL DESCRIPTION FIXED FIELD--GENERAL INFORMATION |
| fixed length control field |
ta |
| 008 - FIXED-LENGTH DATA ELEMENTS--GENERAL INFORMATION |
| fixed length control field |
230823s1974 ag |||| |||| 000 0 spa d |
| 040 ## - CATALOGING SOURCE |
| Language of cataloging |
spa |
| Transcribing agency |
AR-BaISA |
| 082 04 - DEWEY DECIMAL CLASSIFICATION NUMBER |
| Edition number |
22 |
| Classification number |
150.195 2 P776 |
| 100 1# - MAIN ENTRY--PERSONAL NAME |
| 9 (RLIN) |
2849 |
| Personal name |
Pontalis, Jean-Bertrand |
| 245 10 - TITLE STATEMENT |
| Title |
Después de Freud / |
| Remainder of title |
J.-B. Pontalis |
| 260 ## - PUBLICATION, DISTRIBUTION, ETC. |
| Place of publication, distribution, etc. |
Buenos Aires: |
| Name of publisher, distributor, etc. |
Sudamericana, |
| Date of publication, distribution, etc. |
1974 |
| 300 ## - PHYSICAL DESCRIPTION |
| Extent |
335 p. |
| 490 1# - SERIES STATEMENT |
| Serie |
Biblioteca de psicología |
| 504 ## - BIBLIOGRAPHY, ETC. NOTE |
| Bibliography, etc. note |
Bibliografía p.: 337-338. |
| 505 ## - FORMATTED CONTENTS NOTE |
| Title |
PROBLEMAS FUNDAMENTALES: |
| -- |
El descubrimiento freudiano -- |
| -- |
Planteamiento del problema del inconsciente en Merleau-Ponty -- |
| -- |
La utopía freudiana -- |
| -- |
Homo psychanalyticus -- |
| -- |
Del vocabulario del psicoanálisis al lenguaje del psicoanalista -- |
| -- |
Cuestiones de palabras |
| -- |
TENDENCIAS: |
| -- |
Nuestra iniciación en la vida según Melanie Klein -- |
| -- |
Los malos caminos del psicoanálisis o Karen Horney, crítica de Freud -- |
| -- |
Un nuevo curandero: J. L. Moreno -- |
| -- |
Las técnicas de grupo: de la ideología a los fenómenos -- |
| -- |
El pequeño grupo como objeto |
| -- |
LECTURAS: |
| -- |
La enfermedad de Flaubert -- |
| -- |
Michael Leiris o el psicoanálisis sin fin -- |
| -- |
El lector y su autor |
| -- |
UNA CONVERSACIÓN: |
| -- |
Análisis de un milagro. Conversación con Françoise Dolto |
| 600 10 - SUBJECT ADDED ENTRY--PERSONAL NAME |
| 9 (RLIN) |
1149 |
| Personal name |
Freud, Sigmund |
| 650 10 - SUBJECT ADDED ENTRY--TOPICAL TERM |
| 9 (RLIN) |
141 |
| Topical term or geographic name entry element |
Psicoanálisis |
| 830 ## - SERIES ADDED ENTRY--UNIFORM TITLE |
| 9 (RLIN) |
3034 |
| Uniform title |
Biblioteca de psicología (Sudamericana) |
| 942 ## - ADDED ENTRY ELEMENTS (KOHA) |
| Source of classification or shelving scheme |
|
| Koha item type |
Libros |
| Edition |
22 |